000 00882nam a2200253 a 4500
001 BRL_6
005 20190320210540.0
008 770801s1978####sp-a######---#001-0#spa-#
040 _aDLC
_cDLC
_dDLC
041 _aspa
044 _asp
050 4 _aHT1087
_b.M67 1978
100 1 _aMorales Carrión, Arturo
_922628
245 1 0 _aAuge y decadencia de la trata negrera en Puerto Rico (1820-1860)
_cArturo Morales Carrión.
260 _aEspaña
_bCentro de Estudios Avanzados de Puerto Rico y el Caribe
_bInstituto de Cultura Puertorriqueña
_c1978
300 _a259 p.
_bil., 12 láminas
_c25 cm.
500 _aIncluye lista de barcos negreros e índice alfabético
500 _aAu82
504 _aBibliografía: p. [243]-248
650 1 4 _aTrata de esclavos
_zPuerto Rico
_922629
650 1 4 _aMovimientos antiesclavistas
_zPuerto Rico
_922630
902 _aGRL
942 _2lcc
_cB
999 _c8819
_d8819